barbie - Statistics

General Stats
  • This quiz has been taken 282 times
  • The average score is 7 of 15
Answer Stats
Hint Answer % Correct
main character barbie
98%
boyfriend ken
86%
internet crazy sis skipper
79%
sweet sis chelsea
73%
sporty sis stacy
66%
boy crazy about barbie ryan
55%
old fashioned bff midge
53%
mean bff raquell
49%
crazy bff teresa
48%
sporty bff summer
47%
cat blissa
27%
dog taffy
26%
talking device closet
23%
dj bff nicky
11%
horse tonny
2%
No matching quizzes found
Score Distribution
Percent of People with Each Score
Percentile by Number Answered
Your Score History
You have not taken this quiz